Country by Outline II Quiz Stats

 Plays Quiz Updated Mar 9, 2018

Score 0/24 Timer 05:00
3 Plays Today
% Correct
France
88%
Canada
86.7%
Norway
85.7%
China
74.5%
New Zealand
73.3%
Vietnam
72.9%
Germany
72.5%
Argentina
71.2%
Philippines
60.5%
Turkey
59.8%
Libya
55.3%
Cyprus
51.1%
% Correct
Mongolia
48.6%
Laos
46.7%
Switzerland
38.3%
Mozambique
33.5%
Haiti
33.3%
Oman
30.9%
Kenya
29.6%
Paraguay
25.1%
United Arab Emirates
24.1%
Uzbekistan
22%
Guatemala
20.7%
Burkina Faso
14.8%

You're not logged in!

Compare scores with friends on all Sporcle quizzes.
OR
Log In

Sporcle TV

Today on Sporcle TV


Watch our educational content, quiz creation guides, and fun videos on Sporcle TV.

Show Comments

Extras

Top Quizzes Today


Score Distribution

Your Account Isn't Verified!

In order to create a playlist on Sporcle, you need to verify the email address you used during registration. Go to your Sporcle Settings to finish the process.

Report this User

Report this user for behavior that violates our Community Guidelines.

Details: